Gregos baris (Registo nº 4104)

Detalhes MARC
000 -Etiqueta do registo
Cabeçalho 00816cam a2200289 4500
005 - Identificador da versão
Campo de controlo 20240813122052.0
010 ## - Número internacional normalizado dos livros (ISBN)
Número (ISBN) 9721049131
021 ## - Número do Depósito Legal
Código do país PT
Número 168845/01
100 ## - Dados gerais de processamento
Dados gerais de processamento 20020118d2001 em y0pory5003 ba
102 ## - Pais de publicação ou produção
País de publicação Portugal
101 1# - Língua de publicação
Língua do texto, banda sonora, etc. Português
Língua do documento no original Inglês
106 ## - Campo de dados codificados: material textual
Dados codificados do material textual r
105 ## - Campo de dados codificados: livros
Dados codificados dos livros a z 001yy
215 ## - Descrição física 
Indicação específica da natureza do documento e extensão da espécie 127, [1] p.
Outras indicações físicas il.
Dimensões 20 cm
200 1# - Titulo e menção de responsabilidade
Título próprio Gregos baris
Primeira menção de responsabilidade Terry Deary
Outras menções de responsabilidade il. Martin Brown
-- trad. Ana Nereu
225 1# - Colecção 
Título próprio da colecção História horrível
210 ## - Publicação, Distribuição, etc. 
Lugar da edição, distribuição, etc. Mem Martins
Nome do editor, distribuidor, etc. Europa-América
Data da publicação, distribuição, etc. 2001
304 ## - Notas relativas a título e menção de responsabilidade 
Texto da nota Tít. orig.: Horrible histories, the groovy greeks
675 ## - Classificação Decimal Universal (CDU)
Notação 087.5
Edição BN
Língua da edição por
Notação 94(495)
Edição BN
Língua da edição por
702 #1 - Nome de autor-pessoa física (responsabilidade secundária)
Número de registo de entrada de autoridade 0000706
Palavra de ordem Brown
Outra parte do nome não tomada para palavra de ordem Martin
Código de função Ilustrador / Técnico de desenho computorizado
Número de registo de entrada de autoridade 0000707
Palavra de ordem Nereu
Outra parte do nome não tomada para palavra de ordem Ana
Código de função Tradutor
700 #1 - Nome de autor-pessoa física (responsabilidade principal)
Número de registo de entrada de autoridade 0000705
Palavra de ordem Deary
Outra parte do nome não tomada para palavra de ordem Terry
942 ## - Elementos de entrada adicionados (Koha)
Tipo de item no Koha Livro
Exemplares
Situação do levantamento Origin of item (home branch) (coded) Biblioteca de empréstimo Código de barras Cota Circulation type (not for loan) Tipo de documento Nota do exemplar Damaged status
  Biblioteca Escolar das Vendas Biblioteca Escolar das Vendas BEV844 9UNI DEA   Livro Sem mensagem